Ligue des Champions - Meilleurs Passeurs - Statistiques

Statistiques générales
  • Ce quiz a été pris 125 fois
  • Le résultat moyen est 15 sur 20
Statistiques - réponses
Rang Joueur Passes Pays % Correct
1 Cristiano Ronaldo 42 langfr-1920px-Flag_of_Portugal_%28official%29.svg.png
100%
3 Lionel Messi 40 langfr-1920px-Flag_of_Argentina.svg.png
100%
4 Neymar Jr 33 langfr-1920px-Flag_of_Brazil.svg.png
98%
8 Xavi 30 langfr-1920px-Flag_of_Spain.svg.png
93%
6 Kevin De Bruyne 31 langfr-1920px-Flag_of_Belgium_%28civil%29.svg.png
92%
13 Zlatan Ibrahimović 26 langfr-1920px-Flag_of_Sweden.svg.png
92%
14 Luis Suárez 26 langfr-1920px-Flag_of_Uruguay.svg.png
91%
11 Andrés Iniesta 29 langfr-1920px-Flag_of_Spain.svg.png
90%
9 Thomas Müller 30 langfr-1920px-Flag_of_Germany.svg.png
90%
2 Ángel Di María 41 langfr-1920px-Flag_of_Argentina.svg.png
88%
16 Kylian Mbappé 25 langfr-1920px-Flag_of_France.svg.png
82%
10 Karim Benzema 29 langfr-1920px-Flag_of_France.svg.png
78%
7 Ryan Giggs 31 langfr-1920px-Flag_of_Wales.svg.png
67%
5 Vinícius Júnior 32 langfr-1920px-Flag_of_Brazil.svg.png
56%
18 Marcelo 24 langfr-1920px-Flag_of_Brazil.svg.png
46%
20 Dani Alves 23 langfr-1920px-Flag_of_Brazil.svg.png
44%
15 Franck Ribéry 25 langfr-1920px-Flag_of_France.svg.png
42%
19 Mesut Özil 24 langfr-1920px-Flag_of_Germany.svg.png
39%
17 Joshua Kimmich 25 langfr-1920px-Flag_of_Germany.svg.png
34%
12 Cesc Fàbregas 26 langfr-1920px-Flag_of_Spain.svg.png
27%
Aucun quiz correspondant
Distribution des résultats
% des personnes avec chaque résultat
Percentile par nombre de réponses
Votre historique - résultats
Vous n’avez pas pris ce quiz